[Event "Ann Arbor (HVA/2/21)"]
[Site "?"]
[Date "1993.??.??"]
[Round "?"]
[White "Griffin, John"]
[Black "Kielb, M."]
[Result "1-0"]
[WhiteElo "1605"]
[BlackElo "1605"]
[PlyCount "119"]
[EventDate "1993.??.??"]

{2/(21)} 1. d4 Nf6 2. c4 g6 3. g3 Bg7 4. Bg2 d5 5. cxd5 Nxd5 6. Nf3 O-O 7. O-O
Nc6 8. Nc3 Ncb4 9. a3 Nxc3 10. bxc3 Nd5 11. Qc2 Re8 12. Bb2 Nb6 13. c4 c6 14.
e3 c5 15. Rac1 e6 16. Rfd1 cxd4 17. Nxd4 Qe7 18. c5 Nd5 19. Nb5 Bxb2 20. Qxb2
Bd7 21. Nc3 Nxc3 22. Qxc3 Bc6 23. Bxc6 bxc6 24. Rd6 Rac8 25. Qa5 Qc7 26. Qxc7
Rxc7 27. Rcd1 Kf8 28. e4 Rb8 29. Rd8+ Rxd8 30. Rxd8+ Ke7 31. Rb8 Rd7 32. Kf1
Rd3 33. Rb7+ Kd8 34. Rxa7 Rc3 35. Rxf7 Rxa3 36. Rxh7 Rc3 37. Rg7 Rxc5 38. Rxg6
Kd7 39. h4 Rc1+ 40. Ke2 c5 41. Kd2 Rc4 42. Kd3 Rd4+ 43. Kc3 Rxe4 44. f3 Re3+
45. Kc4 Rxf3 46. Kxc5 Ke7 47. Kd4 Kf7 48. Rg4 Kf6 49. Rf4+ Rxf4+ 50. gxf4 Kf5
51. h5 Kf6 52. Ke4 Kg7 53. Ke5 Kf7 54. h6 Kg6 55. Kxe6 Kxh6 56. Kf6 Kh7 57. Kf7
Kh8 58. f5 Kh7 59. f6 Kh8 60. Ke7 1-0

[Event "East Lansing (MOR/6/24)"]
[Site "?"]
[Date "1993.??.??"]
[Round "?"]
[White "Griffin, John"]
[Black "Iyer, Krishnan"]
[Result "1-0"]
[WhiteElo "1605"]
[BlackElo "1605"]
[PlyCount "101"]
[EventDate "1993.??.??"]

{6/(24)} 1. d4 d5 2. c4 dxc4 3. Nf3 Nf6 4. Nc3 c6 5. e3 b5 6. g3 Bb7 7. Bg2
Nbd7 8. O-O Qc7 9. b3 b4 10. Na4 c3 11. a3 a5 12. Nc5 Nxc5 13. dxc5 e5 14. axb4
axb4 15. Rxa8+ Bxa8 16. Qe2 Bxc5 17. Ng5 h6 18. Qc4 Bd6 19. Ne4 Nxe4 20. Bxe4
O-O 21. f4 exf4 22. exf4 Qb6+ 23. Kg2 Qc5 24. Qe2 Re8 25. Qc2 Qd4 26. Re1 c5
27. Kf3 f5 28. Bxa8 Rxe1 29. Qxf5 Qd1+ 30. Kg2 Qe2+ 31. Kh3 Qe7 32. Bd5+ Kh8
33. Bc4 Qf6 34. Qc8+ Qf8 35. Qg4 Qf6 36. Qc8+ Bf8 37. Qd7 Re7 38. Qd5 Qe6+ 39.
Qxe6 Rxe6 40. Bxe6 Be7 41. Kg4 g6 42. Bd5 Kg7 43. Kf3 Kf6 44. g4 Bd6 45. h3 g5
46. fxg5+ hxg5 47. Be4 Ke5 48. Bxg5 c4 49. Bf4+ Ke6 50. Bxd6 Kxd6 51. Bc2 1-0

[Event "Flint (Class B/4)"]
[Site "?"]
[Date "1993.??.??"]
[Round "?"]
[White "Griffin, John"]
[Black "Calton, David A"]
[Result "0-1"]
[WhiteElo "1605"]
[BlackElo "1785"]
[PlyCount "78"]
[EventDate "1993.??.??"]

1. d4 e5 2. d5 Bc5 3. e3 d6 4. c4 f5 5. Nc3 Nf6 6. g3 Nbd7 7. a3 a5 8. Bg2 Nb6
9. b3 Bd7 10. Bb2 c6 11. Nge2 e4 12. dxc6 bxc6 13. Nd4 g6 14. O-O d5 15. cxd5
cxd5 16. Re1 Kf7 17. Bf1 h5 18. Nde2 h4 19. Nf4 Bc6 20. Nh3 Ng4 21. Na4 Nxa4
22. Bxh8 Qxh8 23. bxa4 hxg3 24. fxg3 Nxe3 25. Rxe3 Bxe3+ 26. Kh1 Rd8 27. Ra2
Qd4 28. Qxd4 Bxd4 29. Bb5 Bd7 30. Rd2 Bxb5 31. axb5 Be3 32. Rc2 d4 33. b6 d3
34. Rc7+ Ke6 35. b7 d2 36. Rc8 d1=Q+ 37. Kg2 Qe2+ 38. Kh1 Qf1+ 39. Ng1 Qxg1#
0-1

[Event "Lansing (MI Am/1)"]
[Site "?"]
[Date "1993.??.??"]
[Round "?"]
[White "Griffin, John"]
[Black "Aldrich, Justin"]
[Result "1-0"]
[WhiteElo "1615"]
[BlackElo "1605"]
[PlyCount "89"]
[EventDate "1993.??.??"]

1. d4 d5 2. c4 e6 3. g3 Nf6 4. Bg2 Nc6 5. Nf3 Be7 6. O-O dxc4 7. Nc3 O-O 8. Qa4
Nxd4 9. Qxc4 c5 10. Rd1 e5 11. e3 Be6 12. Qf1 Nc2 13. Rb1 Qa5 14. Nxe5 Bxa2 15.
Nc4 Qa6 16. Nxa2 Qxa2 17. Bd2 b5 18. Ne5 Rac8 19. Rdc1 Qb3 20. Nc6 Rc7 21.
Nxe7+ Rxe7 22. Qd1 Qd3 23. Rxc2 Qf5 24. Rbc1 c4 25. Qf1 Ng4 26. Bb4 Qh5 27. h3
Re6 28. hxg4 Qxg4 29. Bh3 Qe4 30. Bxe6 Qxe6 31. Bxf8 Kxf8 32. Rd2 g6 33. Rcd1
a5 34. Qg2 b4 35. Qa8+ Kg7 36. Qxa5 c3 37. bxc3 bxc3 38. Qxc3+ Kh6 39. Rd4 g5
40. Rd6 Qxd6 41. Rxd6+ Kh5 42. Qd3 h6 43. Qd1+ g4 44. Qd5+ f5 45. Qxf5# 1-0

[Event "East Lansing (MI Op/4/31)"]
[Site "?"]
[Date "1993.??.??"]
[Round "?"]
[White "Gregory, Kevin"]
[Black "Ward, Tim"]
[Result "0-1"]
[WhiteElo "1815"]
[BlackElo "1900"]
[PlyCount "94"]
[EventDate "1993.??.??"]

{4/(31)} 1. d4 e6 2. Nf3 f5 3. Bf4 Nf6 4. e3 b6 5. Bd3 Bb7 6. Nbd2 Be7 7. Qe2
Ne4 8. Bxe4 fxe4 9. Ne5 Bf6 10. Qh5+ g6 11. Qh6 Qe7 12. O-O-O Nc6 13. Nxe4 Bg7
14. Nxg6 hxg6 15. Qxg6+ Qf7 16. Qxf7+ Kxf7 17. Bxc7 Na5 18. Nd6+ Ke7 19. Nxb7
Nxb7 20. d5 d6 21. dxe6 Kxe6 22. Rd3 Rac8 23. Bxb6 axb6 24. Rb3 Nc5 25. Rb5
Nd3+ 26. Kb1 Nxf2 27. Rg1 Rxh2 28. Rxb6 Ne4 29. a4 Ra8 30. Rb4 Nc5 31. Rg4 Be5
32. b3 Rh6 33. Rd1 Rf6 34. Rh4 Rf2 35. Rg1 Raf8 36. Kc1 Bc3 37. Rf4 R8xf4 38.
exf4 Rxf4 39. g4 Ne4 40. Kd1 Rf2 41. g5 Bd2 42. c4 Bxg5 43. a5 Rd2+ 44. Ke1
Bh4+ 45. Kf1 Rf2+ 46. Ke1 Rh2+ 47. Kd1 Nc3+ 0-1

[Event "East Lansing (MI Op/7/29)"]
[Site "?"]
[Date "1993.??.??"]
[Round "?"]
[White "Gregory, Kevin"]
[Black "Turner, P."]
[Result "0-1"]
[WhiteElo "1815"]
[BlackElo "1775"]
[PlyCount "102"]
[EventDate "1993.??.??"]

{7/(29)} 1. d4 Nf6 2. Nf3 g6 3. c4 c5 4. d5 b5 5. b3 b4 6. Nbd2 Bg7 7. Bb2 O-O
8. e4 d6 9. Bd3 e5 10. O-O Nh5 11. Re1 Nf4 12. Nf1 Bg4 13. h3 Nxd3 14. Qxd3
Bxf3 15. Qxf3 Nd7 16. Re2 Nf6 17. Ng3 a5 18. a4 bxa3 19. Rxa3 Qd7 20. Ra4 Rfb8
21. Bc1 Rb4 22. Rea2 Rab8 23. R2a3 Qd8 24. Bd2 Rxa4 25. Rxa4 Qb6 26. Bxa5 Qxb3
27. Qxb3 Rxb3 28. Bc7 Rb1+ 29. Kh2 Bf8 30. Bd8 Kg7 31. Bxf6+ Kxf6 32. h4 Rb4
33. Ra3 Rxc4 34. Ra1 Rd4 35. Kg1 c4 36. Rc1 Bh6 37. Rc2 Rd1+ 38. Nf1 Rc1 39.
Ra2 c3 40. g4 Bf4 41. g5+ Kg7 42. Kg2 c2 43. Rb2 Rxf1 44. Rxc2 Rc1 45. Rc6 Re1
46. f3 Re2+ 47. Kf1 Rh2 48. Rxd6 Rxh4 49. Rd8 Bxg5 50. Ra8 Rh2 51. Ke1 h5 0-1

[Event "Lansing (MI Am/2)"]
[Site "?"]
[Date "1993.??.??"]
[Round "?"]
[White "Gregory, Kevin"]
[Black "Sundeen, David"]
[Result "0-1"]
[WhiteElo "1835"]
[BlackElo "1605"]
[PlyCount "84"]
[EventDate "1993.??.??"]

1. e4 e5 2. Bc4 Nf6 3. d3 Nc6 4. Be3 Be7 5. Nc3 O-O 6. h3 Na5 7. Bb3 Nxb3 8.
axb3 d5 9. exd5 Nxd5 10. Nxd5 Qxd5 11. Nf3 e4 12. dxe4 Qxe4 13. O-O Bf6 14. c3
a6 15. Qb1 Qd5 16. Qd1 Qe4 17. Re1 Qg6 18. Kh2 Be6 19. Bd4 Rad8 20. b4 Rd5 21.
Ra5 Rfd8 22. Qe2 h6 23. Bxf6 Qxf6 24. Nd4 Rxa5 25. bxa5 Rd6 26. Qf3 Qxf3 27.
Nxf3 c5 28. Re5 Rd5 29. Rxd5 Bxd5 30. Kg3 f6 31. Kf4 Kf7 32. Ne1 Ke6 33. g3 c4
34. h4 h5 35. Nc2 g6 36. Ke3 g5 37. Kd4 Kd6 38. Ne3 Be6 39. hxg5 fxg5 40. Nxc4+
Bxc4 41. Kxc4 h4 42. gxh4 gxh4 0-1

[Event "Ann Arbor (HVA/3/2)"]
[Site "?"]
[Date "1993.??.??"]
[Round "?"]
[White "Gregory, Kevin"]
[Black "Smith, Mike A"]
[Result "1/2-1/2"]
[WhiteElo "1815"]
[BlackElo "1905"]
[PlyCount "65"]
[EventDate "1993.??.??"]

{3/(2)} 1. e4 c6 2. d4 d5 3. exd5 cxd5 4. Bd3 Nf6 5. Nf3 Bg4 6. c3 e6 7. Qa4+
Nc6 8. Ne5 Qa5 9. Qxa5 Nxa5 10. Bb5+ Ke7 11. Bg5 Bf5 12. g4 Be4 13. f3 Bxb1 14.
Rxb1 a6 15. Be2 h6 16. Bh4 g5 17. Bg3 Nd7 18. h4 Bg7 19. f4 gxf4 20. Bxf4 Nxe5
21. dxe5 Nc6 22. O-O Bxe5 23. Be3 Rag8 24. Bc5+ Ke8 25. Kh1 Bg3 26. h5 Rh7 27.
Bd4 Bh4 28. Bd3 f5 29. gxf5 e5 30. f6 e4 31. Bc2 Nxd4 32. cxd4 Rf8 33. Rf5
1/2-1/2

[Event "Flint (Class B/4)"]
[Site "?"]
[Date "1993.??.??"]
[Round "?"]
[White "Gregory, Kevin"]
[Black "Sledge, Ernest"]
[Result "1/2-1/2"]
[WhiteElo "1795"]
[BlackElo "1750"]
[PlyCount "77"]
[EventDate "1993.??.??"]

1. e4 e5 2. Nf3 Nc6 3. Bc4 h6 4. c3 Nf6 5. d4 exd4 6. cxd4 Bb4+ 7. Nc3 O-O 8.
e5 Ne4 9. Bd2 Nxd2 10. Qxd2 d6 11. a3 Bxc3 12. Qxc3 dxe5 13. dxe5 Bg4 14. e6
fxe6 15. Ne5 Bf5 16. Nxc6 bxc6 17. O-O Rb8 18. Rfe1 Qh4 19. f3 Rfd8 20. Bxe6+
Bxe6 21. Rxe6 Rb6 22. Rae1 Qd4+ 23. Qxd4 Rxd4 24. b4 c5 25. bxc5 Rxe6 26. Rxe6
Kf7 27. Ra6 Rc4 28. Rc6 Ra4 29. Rxc7+ Kg6 30. c6 Rxa3 31. Rb7 Rc3 32. c7 a5 33.
Kf2 a4 34. Ra7 a3 35. g4 Rc2+ 36. Kg3 a2 37. Rxa2 Rxc7 38. Ra6+ Kf7 39. h4
1/2-1/2

[Event "East Lansing (MI Op/5/33)"]
[Site "?"]
[Date "1993.??.??"]
[Round "?"]
[White "Gregory, Kevin"]
[Black "Skidmore, Mike"]
[Result "0-1"]
[WhiteElo "1815"]
[BlackElo "1930"]
[PlyCount "102"]
[EventDate "1993.??.??"]

{5/(33)} 1. d4 d5 2. Bf4 Nf6 3. Nf3 Bg4 4. Ne5 e6 5. Nxg4 Nxg4 6. e4 Nf6 7. e5
Nfd7 8. c3 c5 9. Nd2 Nc6 10. Nb3 Qb6 11. Rb1 cxd4 12. cxd4 Bb4+ 13. Ke2 O-O 14.
g3 f6 15. Bh3 Rae8 16. exf6 Nxf6 17. Kf1 Ne4 18. a3 Ba5 19. f3 g5 20. Be3 Rxf3+
21. Qxf3 Qxb3 22. Qe2 h6 23. Kg2 Bb6 24. Rbd1 e5 25. Rd3 Qb5 26. Rhd1 Nxd4 27.
Qh5 Kg7 28. Rf1 Re7 29. Bxd4 Bxd4 30. Qf3 Qxb2+ 31. Kh1 Nf2+ 32. Rxf2 Qxf2 33.
Qxf2 Bxf2 34. Rxd5 e4 35. Kg2 Bb6 36. Rd7 Rxd7 37. Bxd7 Bc5 38. a4 Kf6 39. Bc8
b6 40. h3 Ke5 41. Ba6 Kd4 42. Kf2 Kc3+ 43. Ke2 Kb4 44. Bb5 Ka5 45. Kd1 a6 46.
Bd7 b5 47. axb5 axb5 48. Kc2 Kb4 49. Bf5 e3 50. Bd3 Bd4 51. Kb1 Kc3 0-1

[Event "Flint (Class B/2)"]
[Site "?"]
[Date "1993.??.??"]
[Round "?"]
[White "Gregory, Kevin"]
[Black "Nicolli, Randy"]
[Result "1/2-1/2"]
[WhiteElo "1795"]
[BlackElo "1625"]
[PlyCount "83"]
[EventDate "1993.??.??"]

1. e4 e5 2. Nf3 Nc6 3. Bc4 Nf6 4. d4 exd4 5. O-O Bc5 6. e5 Ng4 7. Bxf7+ Kxf7 8.
Ng5+ Kg8 9. Qxg4 Nxe5 10. Qf4 d6 11. Re1 Qe8 12. Nd2 Qg6 13. Ndf3 Nxf3+ 14.
Qxf3 c6 15. Re7 d5 16. Re1 Bf5 17. c4 h6 18. Nh3 Be4 19. Nf4 Qf5 20. Qh3 Qxh3
21. Nxh3 Kh7 22. cxd5 Bxd5 23. Nf4 Bf7 24. Nd3 Bd6 25. Bf4 Bxf4 26. Nxf4 Rhe8
27. a3 c5 28. Rac1 Rxe1+ 29. Rxe1 Re8 30. Rxe8 Bxe8 31. Kf1 c4 32. Ke2 g5 33.
Ne6 d3+ 34. Kd2 b5 35. Nc5 Bc6 36. f3 Kg6 37. b3 Kf5 38. bxc4 bxc4 39. Ke3 Ke5
40. Na6 Bb5 41. Nb4 a5 42. Na2 1/2-1/2

[Event "East Lansing (MI Op/1b/17)"]
[Site "?"]
[Date "1993.??.??"]
[Round "?"]
[White "Gregory, Kevin"]
[Black "Fuller, William"]
[Result "0-1"]
[WhiteElo "1815"]
[BlackElo "2020"]
[PlyCount "114"]
[EventDate "1993.??.??"]

1. d4 Nf6 2. Nf3 g6 3. Bf4 Bg7 4. e3 O-O 5. Bd3 d5 6. Nbd2 c5 7. c3 Nc6 8. h3
c4 9. Bc2 b5 10. O-O Bf5 11. Nh4 Bxc2 12. Qxc2 e5 13. Bxe5 Nxe5 14. dxe5 Nd7
15. Nhf3 Bxe5 16. Nd4 Bxd4 17. exd4 Re8 18. Rfe1 Qa5 19. a3 Nf6 20. Nf3 Ne4 21.
Re2 Re6 22. Rae1 Rae8 23. Nd2 Nxd2 24. Qxd2 Qb6 25. Rxe6 Rxe6 26. Rxe6 Qxe6 27.
Qf4 a6 28. Kf1 Kg7 29. Qg4 f5 30. Qe2 Qe4 31. Qxe4 fxe4 32. f3 exf3 33. g4 Kf6
34. Kf2 Kg5 35. Kxf3 Kh4 36. Kg2 g5 37. Kh2 h5 38. gxh5 Kxh5 39. Kg3 a5 40. Kf3
Kh4 41. Kg2 g4 42. hxg4 Kxg4 43. Kf2 Kf4 44. Ke2 Ke4 45. Kd2 Kf3 46. Kc2 Ke3
47. Kd1 Kd3 48. Kc1 b4 49. axb4 axb4 50. cxb4 Kxd4 51. Kd2 Ke5 52. Kc3 Ke4 53.
b5 d4+ 54. Kxc4 d3 55. b6 d2 56. b7 d1=Q 57. b8=Q Qc2+ 0-1

[Event "Ann Arbor (HVA/1/13)"]
[Site "?"]
[Date "1993.??.??"]
[Round "?"]
[White "Gregory, Kevin"]
[Black "Elliott, J."]
[Result "1-0"]
[WhiteElo "1815"]
[BlackElo "1605"]
[PlyCount "99"]
[EventDate "1993.??.??"]

{1/(13)} 1. e4 g6 2. d4 d6 3. f4 Nf6 4. Nd2 Bg7 5. Ngf3 O-O 6. Bc4 c6 7. O-O b5
8. Bd3 Qb6 9. Kh1 c5 10. dxc5 dxc5 11. c3 c4 12. Bc2 Bb7 13. Nd4 Ng4 14. Qxg4
Bxd4 15. cxd4 Qxd4 16. Nf3 Qg7 17. Rb1 f5 18. exf5 gxf5 19. Qxg7+ Kxg7 20. Bd2
e6 21. Bc3+ Kf7 22. Rbe1 Bxf3 23. Rxf3 Nc6 24. Rh3 b4 25. Be5 Nxe5 26. Rxe5 Rh8
27. Rc5 b3 28. axb3 cxb3 29. Rxb3 Rac8 30. Rbc3 Rxc5 31. Rxc5 Rd8 32. h3 Ke7
33. Rc7+ Rd7 34. Rxd7+ Kxd7 35. Kg1 Kd6 36. Kf2 h6 37. Ke3 e5 38. Bxf5 exf4+
39. Kxf4 Ke7 40. Ke5 a5 41. g4 h5 42. g5 Kf7 43. h4 Kg7 44. b3 Kf8 45. Kf6 Kg8
46. Kg6 Kh8 47. Kxh5 Kg7 48. g6 Kg8 49. Kh6 Kf8 50. Kh7 1-0

[Event "Lansing (MI Am/4)"]
[Site "?"]
[Date "1993.??.??"]
[Round "?"]
[White "Gregory, Kevin"]
[Black "Distefano, R."]
[Result "1-0"]
[WhiteElo "1835"]
[BlackElo "1605"]
[PlyCount "67"]
[EventDate "1993.??.??"]

1. d4 Nf6 2. Bf4 g6 3. c4 Bg7 4. Nc3 O-O 5. e4 d6 6. Nf3 c5 7. d5 Qa5 8. Qd2
Re8 9. Bd3 Nh5 10. Be3 e6 11. O-O exd5 12. exd5 Bg4 13. Be2 Nd7 14. h3 Bxf3 15.
Bxf3 Nb6 16. Be2 Na4 17. Bxh5 gxh5 18. Nxa4 Qxa4 19. b3 Qd7 20. Rae1 Kh8 21.
Bh6 Rg8 22. Qf4 Bxh6 23. Qxh6 Qxh3 24. Qf6+ Rg7 25. Qxg7+ Kxg7 26. gxh3 Kf6 27.
Re2 Kg5 28. Re7 Kh4 29. Rfe1 Kxh3 30. Re8 Rxe8 31. Rxe8 Kg4 32. Rh8 h4 33. Rxh7
h3 34. Rxf7 1-0

[Event "East Lansing (MOR/7/19)"]
[Site "?"]
[Date "1993.??.??"]
[Round "?"]
[White "Gregg, Ted"]
[Black "Winkelspecht, A."]
[Result "0-1"]
[WhiteElo "1605"]
[BlackElo "1605"]
[PlyCount "124"]
[EventDate "1993.??.??"]

{7/(19)} 1. f4 d5 2. b3 Bf5 3. e3 e6 4. Bb2 Nf6 5. Nf3 a6 6. Be2 c5 7. O-O Nc6
8. Ne5 Nxe5 9. fxe5 Nd7 10. d3 Be7 11. Nd2 Bg6 12. Bf3 O-O 13. d4 Qb6 14. c4
Bd3 15. Be2 Bxe2 16. Qxe2 cxd4 17. exd4 dxc4 18. Nxc4 Qb5 19. Rf3 Nb6 20. a4
Qc6 21. Rc1 Nxc4 22. Rxc4 Qd5 23. Qc2 a5 24. Rh3 h6 25. Bc1 g6 26. Bxh6 Rfe8
27. Rg3 Kh7 28. Rh3 Kg8 29. Qf2 Rac8 30. Rf3 Kh7 31. Bd2 Rxc4 32. Rxf7+ Kg8 33.
bxc4 Qe4 34. Bh6 Qb1+ 35. Qf1 Qxf1+ 36. Rxf1 g5 37. Rf3 Kh7 38. Bxg5 Bxg5 39.
Rf7+ Kg6 40. Rxb7 Rf8 41. g4 Be3+ 42. Kg2 Bxd4 43. Rb5 Kg5 44. Rxa5 Kxg4 45.
h3+ Kh4 46. Rb5 Rf2+ 47. Kh1 Kg3 48. Rb3+ Rf3 49. Rxf3+ Kxf3 50. h4 Kg4 51. Kg2
Bxe5 52. h5 Kxh5 53. Kf3 Kg5 54. Ke4 Kf6 55. c5 Bc7 56. Kd4 Ke7 57. Kc4 Kd7 58.
Kb5 e5 59. a5 Kc8 60. a6 Bb8 61. c6 Ba7 62. Kc4 e4 0-1

[Event "East Lansing (MOR/3/44)"]
[Site "?"]
[Date "1993.??.??"]
[Round "?"]
[White "Gregg, Ted"]
[Black "Scott, A."]
[Result "1/2-1/2"]
[WhiteElo "1605"]
[BlackElo "1605"]
[PlyCount "83"]
[EventDate "1993.??.??"]

{3/(44)} 1. f4 d5 2. b3 Nc6 3. e3 e5 4. fxe5 Nxe5 5. Bb2 Bd6 6. Nf3 Bg4 7. Be2
Bxf3 8. Bxf3 Nf6 9. O-O O-O 10. d3 c6 11. Nd2 Qc7 12. g3 Rfe8 13. Qe2 Nxf3+ 14.
Rxf3 Re7 15. Bxf6 gxf6 16. Rxf6 Be5 17. Qg4+ Kf8 18. Raf1 Bxf6 19. Rxf6 Qe5 20.
Rf3 Qe6 21. Qd4 Qe5 22. Qxe5 Rxe5 23. e4 dxe4 24. dxe4 Rd8 25. Rd3 Rxd3 26.
cxd3 f5 27. Kf2 fxe4 28. dxe4 Kf7 29. Ke3 Ke6 30. Kf4 h5 31. h4 Rc5 32. Nc4 b5
33. Ne3 a5 34. Nf5 Kf6 35. Ne3 Rc3 36. g4 hxg4 37. Nxg4+ Kg6 38. e5 Rc1 39. Nf6
Re1 40. h5+ Kg7 41. Kf5 Rf1+ 42. Ke6 1/2-1/2

[Event "Lansing (MI Am/1)"]
[Site "?"]
[Date "1993.??.??"]
[Round "?"]
[White "Gregg, Ted"]
[Black "Sanborn, Richard"]
[Result "0-1"]
[WhiteElo "1605"]
[BlackElo "1810"]
[PlyCount "66"]
[EventDate "1993.??.??"]

1. f4 d5 2. b3 Bf5 3. Bb2 e6 4. Nf3 Nf6 5. e3 Be7 6. Be2 a6 7. O-O O-O 8. Ne5
h6 9. d3 c5 10. Nd2 Nbd7 11. Qe1 Nxe5 12. fxe5 Nd7 13. Bf3 f6 14. exf6 Bxf6 15.
Bxf6 Nxf6 16. e4 dxe4 17. Nxe4 Qd4+ 18. Qf2 Qxf2+ 19. Rxf2 Bxe4 20. Bxe4 Nxe4
21. Rxf8+ Kxf8 22. dxe4 Rd8 23. Rf1+ Ke7 24. c4 Rd4 25. Rf4 e5 26. Rg4 Kf6 27.
a3 Rd3 28. Rg3 Rxg3 29. hxg3 Kg5 30. Kf2 Kg4 31. b4 b6 32. bxc5 bxc5 33. a4 a5
0-1

[Event "East Lansing (MOR/5/35)"]
[Site "?"]
[Date "1993.??.??"]
[Round "?"]
[White "Gregg, Ted"]
[Black "Rostrom, Richard"]
[Result "1-0"]
[WhiteElo "1605"]
[BlackElo "1605"]
[PlyCount "120"]
[EventDate "1993.??.??"]

{5/(35)} 1. f4 Nf6 2. b3 b6 3. Bb2 Bb7 4. e3 e6 5. Nf3 Be7 6. Be2 O-O 7. O-O
Nc6 8. Ne5 d6 9. Ng4 Ne8 10. Bf3 Rb8 11. d3 Nb4 12. a3 Bxf3 13. Rxf3 Nd5 14. e4
Ndf6 15. Rh3 d5 16. Nd2 d4 17. Ne5 Rb7 18. Nc6 Qd7 19. Nxe7+ Qxe7 20. Bxd4 c5
21. Be3 g6 22. Nf3 Ng4 23. Bd2 Qd7 24. Bc3 f6 25. Nh4 f5 26. e5 Nc7 27. Rf3 Nb5
28. Bb2 Nd4 29. Rg3 Qe7 30. Rh3 g5 31. fxg5 Qxg5 32. Bxd4 cxd4 33. Qe2 Rg7 34.
Nf3 Qe3+ 35. Qxe3 dxe3 36. Nd4 Rg6 37. Rf1 Rf7 38. Rhf3 Rfg7 39. g3 h5 40. Ne2
h4 41. d4 hxg3 42. Rxg3 Nf2 43. Kg2 Ne4 44. Kf3 Nd2+ 45. Kg2 Rxg3+ 46. hxg3
Nxf1 47. Kxf1 Rc7 48. c3 Kf7 49. Kg2 a5 50. Kf3 b5 51. Kxe3 b4 52. axb4 axb4
53. c4 Ra7 54. d5 exd5 55. cxd5 Ra1 56. Nf4 Rb1 57. d6 Rxb3+ 58. Kd4 Rxg3 59.
e6+ Ke8 60. Nd5 Kd8 1-0

[Event "East Lansing (MOR/1a/11)"]
[Site "?"]
[Date "1993.??.??"]
[Round "?"]
[White "Gregg, Ted"]
[Black "Nicolli, Randy"]
[Result "0-1"]
[WhiteElo "1605"]
[BlackElo "1695"]
[PlyCount "78"]
[EventDate "1993.??.??"]

1. f4 d5 2. b3 Nf6 3. e3 Bf5 4. Bb2 e6 5. Nf3 Bd6 6. Be2 h6 7. O-O O-O 8. Ne5
Nbd7 9. d3 Qe7 10. Nd2 Bc5 11. Rf3 Nxe5 12. Bxe5 Ng4 13. d4 Nxe5 14. fxe5 Bb6
15. Rg3 c6 16. Bg4 Bh7 17. c3 Bc7 18. Rf3 Kh8 19. Bh3 Rg8 20. g3 Raf8 21. Qe2
Bd8 22. Raf1 f5 23. Bg2 g5 24. R3f2 Qg7 25. Bh1 g4 26. c4 Bg5 27. Rg2 h5 28.
cxd5 cxd5 29. Rc1 Rc8 30. Qe1 Bxe3+ 31. Kf1 f4 32. gxf4 Bd3+ 33. Re2 Rxc1 34.
Qxc1 g3 35. Ke1 Bxe2 36. Kxe2 Bxf4 37. Qf1 g2 38. Bxg2 Qxg2+ 39. Qxg2 Rxg2+ 0-1

[Event "Ann Arbor (HVA/3/20)"]
[Site "?"]
[Date "1993.??.??"]
[Round "?"]
[White "Gregg, Ted"]
[Black "Guilfoyle, Jeff"]
[Result "1-0"]
[WhiteElo "1605"]
[BlackElo "1605"]
[PlyCount "51"]
[EventDate "1993.??.??"]

{3/(20)} 1. f4 d5 2. b3 Bf5 3. Bb2 c5 4. e3 Nc6 5. Bb5 a6 6. Bxc6+ bxc6 7. Nf3
Nf6 8. O-O e6 9. d3 Be7 10. Nbd2 O-O 11. Ne5 Rc8 12. Qe1 d4 13. e4 Bg6 14. Nxg6
fxg6 15. Nc4 Nd7 16. Qg3 Rf7 17. Rf3 g5 18. Raf1 gxf4 19. Rxf4 Rxf4 20. Rxf4
Qc7 21. Qg4 e5 22. Qe6+ Kh8 23. Rf7 Nf8 24. Qxe7 Qxe7 25. Rxe7 Ng6 26. Ra7 1-0

[Event "Lansing (MI Am/3)"]
[Site "?"]
[Date "1993.??.??"]
[Round "?"]
[White "Gregg, Ted"]
[Black "Grzegorczyk, Ron"]
[Result "0-1"]
[WhiteElo "1605"]
[BlackElo "1645"]
[PlyCount "66"]
[EventDate "1993.??.??"]

1. f4 d5 2. b3 c5 3. e3 Nc6 4. Bb5 Bd7 5. Bxc6 Bxc6 6. Bb2 d4 7. Nf3 dxe3 8. d3
Nf6 9. O-O e6 10. Ne5 Qd5 11. Qe2 Be7 12. Nxc6 Qxc6 13. Qxe3 O-O 14. Nd2 Nd5
15. Qg3 Bf6 16. Bxf6 Nxf6 17. Nf3 Nd5 18. Ne5 Qc7 19. Rf2 f6 20. Ng4 Rae8 21.
Re1 Kh8 22. c4 Nb4 23. a3 Nc6 24. Rf3 Nd4 25. Rfe3 Nf5 26. Qf3 Nxe3 27. Rxe3
Rf7 28. f5 e5 29. h4 Rd7 30. Nf2 Qd6 31. Ne4 Qd4 32. h5 h6 33. Qg4 Qxe3+ 0-1

[Event "Ann Arbor (HVA/4/18)"]
[Site "?"]
[Date "1993.??.??"]
[Round "?"]
[White "Gregg, Ted"]
[Black "Griffin, John"]
[Result "1/2-1/2"]
[WhiteElo "1605"]
[BlackElo "1605"]
[PlyCount "108"]
[EventDate "1993.??.??"]

{4/(18)} 1. f4 Nf6 2. b3 d5 3. Bb2 c5 4. e3 g6 5. Nf3 Bg7 6. Be2 Nc6 7. O-O O-O
8. Ne5 Nxe5 9. Bxe5 Ne8 10. d3 f6 11. Bb2 Nd6 12. Bf3 Nf5 13. Qe1 e6 14. Nd2
Qc7 15. g4 Ne7 16. Qh4 f5 17. Bxg7 Kxg7 18. g5 Ng8 19. Bg2 b6 20. Rf3 Bb7 21.
Rh3 Kh8 22. Nf3 Qg7 23. Ne5 Rac8 24. c4 Rc7 25. Re1 Rd8 26. Qf2 Ne7 27. d4 Nc6
28. Nxc6 Bxc6 29. cxd5 exd5 30. Bf1 Re8 31. Rc1 Bb7 32. Qd2 cxd4 33. Rxc7 Qxc7
34. Qxd4+ Kg8 35. Qd2 Rc8 36. Rf3 Qc3 37. Rf2 Kf7 38. Bg2 Qxd2 39. Rxd2 Ke6 40.
Kf2 Rc3 41. Ke2 Ba6+ 42. Kf2 Bd3 43. Bf3 a5 44. Be2 Be4 45. Bf3 Rc2 46. Rxc2
Bxc2 47. Ke1 Kd6 48. Kd2 Bb1 49. a4 Kc5 50. Kc3 Be4 51. Be2 Bb1 52. Bb5 Kd6 53.
Be8 Ke7 54. Bb5 Kd6 1/2-1/2

[Event "Eastpointe (MI Action/6/22)"]
[Site "?"]
[Date "1993.??.??"]
[Round "?"]
[White "Grams, Paul"]
[Black "Woods, O."]
[Result "1-0"]
[WhiteElo "1800"]
[BlackElo "1605"]
[PlyCount "41"]
[EventDate "1993.??.??"]

{6/(22)} 1. e4 e5 2. Nf3 Nc6 3. Bb5 f6 4. O-O a6 5. Ba4 b5 6. Bb3 Nge7 7. d4 d5
8. exd5 Nxd5 9. Re1 Be7 10. dxe5 Nb6 11. exf6 Qxd1 12. f7+ Kf8 13. Rxd1 Bg4 14.
Rd3 Bxf3 15. Rxf3 Ne5 16. Rf5 Bd6 17. Nc3 Ra7 18. Ne4 c6 19. Nxd6 Rd7 20. Rxe5
Rxd6 21. Re8# 1-0

[Event "Troy (TCC/A/5/6)"]
[Site "?"]
[Date "1993.??.??"]
[Round "?"]
[White "Grams, Paul"]
[Black "Walker, Douglas"]
[Result "1-0"]
[WhiteElo "1800"]
[BlackElo "1855"]
[PlyCount "63"]
[EventDate "1993.??.??"]

{5/(6)} 1. d4 Nf6 2. c4 e6 3. Nf3 b6 4. Bg5 Be7 5. Nc3 Bb7 6. e3 O-O 7. Bd3 h6
8. Bf4 d6 9. Qe2 c5 10. Rd1 Nbd7 11. Nb5 Qb8 12. dxc5 e5 13. cxd6 Bxd6 14. Nxd6
exf4 15. O-O fxe3 16. Qxe3 Nc5 17. Bf5 Qc7 18. b4 Bxf3 19. Qxf3 Ncd7 20. Rfe1
Rad8 21. Re7 Qb8 22. Qc6 Rfe8 23. Nxe8 Rxe8 24. Rxe8+ Qxe8 25. Bxd7 Qe2 26. Rf1
Qxa2 27. Bf5 g6 28. Qxf6 gxf5 29. Qxh6 Qxc4 30. Rc1 Qe6 31. Qxe6 fxe6 32. Rc8+
1-0

[Event "Troy (TCC/A/3/8)"]
[Site "?"]
[Date "1993.??.??"]
[Round "?"]
[White "Grams, Paul"]
[Black "Taylor, E."]
[Result "0-1"]
[WhiteElo "1800"]
[BlackElo "1950"]
[PlyCount "56"]
[EventDate "1993.??.??"]

{3/(8)} 1. d4 Nf6 2. c4 d6 3. Nc3 e5 4. dxe5 dxe5 5. Qxd8+ Kxd8 6. Bg5 c6 7.
Nf3 Nbd7 8. O-O-O Kc7 9. g3 Ng4 10. Be3 Nxe3 11. fxe3 f6 12. Bg2 Bc5 13. Rd3
Nb6 14. Nd2 Bf5 15. Nce4 Be7 16. a3 Be6 17. c5 Nd7 18. b4 f5 19. Nd6 e4 20.
N2xe4 fxe4 21. Bxe4 Ne5 22. Rd4 Rad8 23. Bf5 Bxf5 24. Nxf5 Bf6 25. Nd6 Rhf8 26.
Re4 Nf7 27. Nf5 Rfe8 28. Rg4 g6 0-1

[Event "Eastpointe (EDO/2/15)"]
[Site "?"]
[Date "1993.??.??"]
[Round "?"]
[White "Grams, Paul"]
[Black "Rosebrook, G."]
[Result "1-0"]
[WhiteElo "1800"]
[BlackElo "1605"]
[PlyCount "80"]
[EventDate "1993.??.??"]

{2/(15)} 1. e4 c5 2. f4 Nf6 3. e5 Nd5 4. d4 d6 5. dxc5 dxe5 6. fxe5 e6 7. c4
Qh4+ 8. Kd2 Qd4+ 9. Bd3 Qe3+ 10. Kc2 Nb4+ 11. Kc3 Qxc5 12. Nf3 N8c6 13. Re1 Be7
14. Qe2 O-O 15. Nbd2 Rd8 16. Nb3 Qb6 17. Be4 Qc7 18. Bf4 b5 19. a4 bxc4 20.
Nbd4 Na5 21. Bxa8 Nb3 22. Qxc4 Qxc4+ 23. Kxc4 Na5+ 24. Kc3 Ba6 25. Be4 Rc8+ 26.
Kd2 Nc4+ 27. Ke2 Nxe5+ 28. Ke3 Ng4+ 29. Kd2 Nf6 30. Rac1 Rd8 31. Rc7 Nxe4+ 32.
Rxe4 Nd5 33. Rxa7 Bb4+ 34. Kd1 Bd3 35. Nc6 Bxe4 36. Nxd8 Nxf4 37. Ng5 Bg6 38.
Ra8 Bh5+ 39. Kc2 Bg6+ 40. Kb3 Bf8 $138 1-0